000 00552nam a2200193 i 4500
001 135123
003 ES-MaACL
005 20230906194818.0
007 t|
008 070710s1967 sp ||||1| spa d
080 _a248.1
245 0 0 _aTodos los Santos. 1 de noviembre /
_c[tradujo José Alcaraz].
260 _aSalamanca :
_bSígeme,
_c1967.
300 _a128 p. ;
_c19 cm.
500 _aPrecede al tít.: Abadía de Beuron.
700 1 _aAlcaraz, José.
_919510
710 2 _aAbadía de Beuron.
_91131
852 _aES-MaACL
_jC-31919
_bR.62045
999 _c135123
_d135123